| 000 | 00350nam a2200121Ia 4500 | ||
|---|---|---|---|
| 008 | 220204s9999 xx 000 0 und d | ||
| 020 | _a:8121209803 | ||
| 082 |
_a915(540)GOA _bSES.10 |
||
| 100 | _aSeshagiri, N | ||
| 245 | 0 | _aEncyclopaedia of cities and towns in India. 27V. V.10. Goa | |
| 260 |
_aNew Delhi _bGyan Publishing House _c2008 |
||
| 942 | _cBK | ||
| 999 |
_c42774 _d42774 |
||